Parsanm hardey tarang (Record no. 473195)

MARC details
000 -LEADER
fixed length control field 00563nam a2200229Ia 4500
003 - CONTROL NUMBER IDENTIFIER
control field OSt
005 - DATE AND TIME OF LATEST TRANSACTION
control field 20220924153331.0
008 - FIXED-LENGTH DATA ELEMENTS--GENERAL INFORMATION
fixed length control field 220923b |||||||| |||| 00| 0 guj d
037 ## - SOURCE OF ACQUISITION
Terms of availability Textual
040 ## - CATALOGING SOURCE
Original cataloging agency ARTS
Transcribing agency ARTS
Language of cataloging guj
041 ## - LANGUAGE CODE
Source of code guj
Language code of text/sound track or separate title guj
100 ## - MAIN ENTRY--PERSONAL NAME
Personal name Rai Himmat
9 (RLIN) 228553
245 #0 - TITLE STATEMENT
Title Parsanm hardey tarang
260 ## - PUBLICATION, DISTRIBUTION, ETC.
Date of publication, distribution, etc. 1954
650 ## - SUBJECT ADDED ENTRY--TOPICAL TERM
Topical term or geographic name entry element RELIGION
942 ## - ADDED ENTRY ELEMENTS (KOHA)
Classification part Q25:23x, 156J4
Koha item type Textual
Source of classification or shelving scheme Colon Classification (CC)
Holdings
Withdrawn status Lost status Damaged status Not for loan Home library Current library Date acquired Total Checkouts Full call number Barcode Date last seen Price effective from Koha item type
        Arts Library Arts Library 2022-09-24   Q25:23x 156J4 AL0197982 2022-09-24 2022-09-24 Textual
Copyright @ Delhi University Library System